Vista normal Vista MARC
  • Alfaro González, María del Rosario

Entrada Personal Name

Número de registros utilizados en: 1

001 - CONTROL NUMBER

  • control field: 1658

003 - CONTROL NUMBER IDENTIFIER

  • control field: OSt

005 - DATE AND TIME OF LATEST TRANSACTION

  • control field: 20160120100914.0

008 - FIXED-LENGTH DATA ELEMENTS

  • fixed length control field: 160120|| aca||aabn | a|a d

040 ## - CATALOGING SOURCE

  • Original cataloging agency: OSt
  • Transcribing agency: OSt

100 ## - HEADING--PERSONAL NAME

  • Personal name: Alfaro González, María del Rosario

670 ## - SOURCE DATA FOUND

  • Source citation: Work cat.: (OSt): Alfaro González, María del Rosario, Contaminación del aire: su impacto en el ambiente yla salud , 2006